| 000 | 00448nam a22001337a 4500 | ||
|---|---|---|---|
| 003 | OSt | ||
| 082 | _a631 | ||
| 088 | _aP542 | ||
| 100 |
_aANUSREEE, C.K _aRESHMA, JACOB _aSHANA SHERIN, V _aARCHANA DAS, N _95352 |
||
| 245 | _aDEVELOPMENT AND EVALUATION OF AN ALTERNATE MEDIA FILTER FOR DRIP IRRIGATION SYSTEM | ||
| 260 |
_aThavanur _KKelappaji College of Agricultural Engineering and Technology _c2022 |
||
| 700 |
_aDr asha Joseph _95353 |
||
| 942 | _cPR | ||
| 999 |
_c17606 _d17606 |
||